000 00389nam a2200145Ia 4500
008 240729s9999 xx 000 0 und d
022 _a2305-2651
245 0 _aKhyber Medical University Journal
260 _aPakistan
260 _bKhyber Medical University
650 _aMedicine
856 _uhttps://doaj.org/toc/a14c252feb574d3fb443f196ff2f3c54
942 _2ddc
942 _cDOAJEJ
999 _c71005
_d71005
945 _a1
_bMadushi Gamage
_c1
_dMadushi Gamage